Holiday Quiz

Random Holiday or Christmas Quiz

Christmas Books: The Subtitles Quiz Stats

 Plays Quiz Updated Dec 3, 2017

Challenge
Share
Tweet
Embed
Score 0/15 Timer 04:00
2 Plays Today
% Correct
Las Posadas
90.1%
Christmas Confessions and Cocktails
89.5%
Nutcracker Nation
88.9%
Christmas with the First Ladies
88.6%
A Kiss under the Mistletoe
88.2%
Santa Responds
88.1%
The Man Who Invented Christmas
82%
Were They Wise Men or Kings?
81.3%
% Correct
Deck the Halls with Buddy Holly
80.8%
Voices Out of the Air
80%
The Solstice Evergreen
79.2%
11 Days in December
76.7%
Sleigh Rides, Jingle Bells, and Silent Nights
75.7%
Getting Ready for Christmas
59.7%
C Is for Christmas
59.1%

You're not logged in!

Compare scores with friends on all Sporcle quizzes.
OR
Log In

You Might Also Like...

Show Comments

Extras

Top Quizzes Today


Score Distribution

Your Account Isn't Verified!

In order to create a playlist on Sporcle, you need to verify the email address you used during registration. Go to your Sporcle Settings to finish the process.

Report this User

Report this user for behavior that violates our Community Guidelines.

Details: